00237nam a2200097 a 4500008004100000050001600041100002300057245004100080260000900121350000900130120416s1976 xx |||||||||||||| || u aNA 9052 Edw aEdwards, Trystan A10aGood and bad manners in architecture c1976 a0.00